000 00907nam a22002772 4500
001 14435
003 BD-RjUL
005 20211208235628.0
008 140206t1960 nyua 001 0 eng d
035 _a(BD-RjUL)14487
040 _aFHA
_cFHA
_dEQO
_dBD-RjUL
_beng
041 _aeng
082 0 4 _223
_a547.1
_bPHY 1960
245 0 0 _aPhysical methods of organic chemistry /
_cEditor Arnold Weissberger.
250 _a3rd completely rev. augm. ed.
260 _aNew York :
_bInterscience,
_c1960.
300 _aV. :
_bill. ;
_c23 cm.
490 0 _aTechnique of organic chemistry ;
_vVol. 1-4
504 _aincludes index.
505 _aVol.1 Physical methods of organic chemistry.Pt. 1-- Pt. 2-- Pt. 3-- V. 4-
650 1 _achemistry
_945020
700 1 _aWeissberger, Arnold ...[et. al.].
_945022
830 0 _vVol. 1-4
_9214187
830 0 _aTechnique of organic chemistry ;
_9206786
942 _2ddc
_cBK
999 _c14435
_d14435